000 00340nam a2200133Ia 4500
008 230818s2008 xx 000 0 und d
041 _aeng
100 _aAndrews
245 _aText book of hotel housekeeping Management &Operation
260 _bTata MC Graw
_c2008
300 _a478p
520 _aGeneral
999 _c852379
_d852379
650 _aHotel Housekeeping